000
00227nam a2200097Ia 4500
008
240331s9999 xx 000 0 und d
082
_b
JAY
100
_a
Jayawardena, K
245
0
_a
Elangaiyil penkalum aadchi muraiyum
942
_c
L
999
_c
2431
_d
2431